MLB Top 5 NL Cy Young Voting 2010s - Statistics

General Stats
  • This quiz has been taken 52 times
  • The average score is 35 of 50
Answer Stats
Year Team Player % Correct
2011: 1 Dodgers Clayton Kershaw
95%
2012: 2 Dodgers Clayton Kershaw
95%
2013: 1 Dodgers Clayton Kershaw
95%
2014: 1 Dodgers Clayton Kershaw
95%
2015: 3 Dodgers Clayton Kershaw
95%
2016: 5 Dodgers Clayton Kershaw
95%
2017: 2 Dodgers Clayton Kershaw
95%
2015: 5 Nationals Max Scherzer
95%
2016: 1 Nationals Max Scherzer
95%
2017: 1 Nationals Max Scherzer
95%
2018: 2 Nationals Max Scherzer
95%
2019: 3 Nationals Max Scherzer
95%
2010: 2 Cardinals Adam Wainwright
90%
2013: 2 Cardinals Adam Wainwright
90%
2014: 3 Cardinals Adam Wainwright
90%
2018: 1 Mets Jacob deGrom
90%
2019: 1 Mets Jacob deGrom
90%
2017: 3 Nationals Stephen Strasburg
88%
2019: 5 Nationals Stephen Strasburg
88%
2010: 1 Phillies Roy Halladay
86%
2011: 2 Phillies Roy Halladay
86%
2015: 4 Pirates Gerrit Cole
83%
2015: 1 Cubs Jake Arrieta
83%
2014: 4 Giants Madison Bumgarner
81%
2016: 4 Giants Madison Bumgarner
81%
2016: 2 Cubs Jon Lester
74%
2015: 2 Dodgers Zack Greinke
69%
2017: 4 Diamondbacks Zack Greinke
69%
2011: 3 Phillies Cliff Lee
67%
2011: 5 Phillies Cole Hamels
67%
2010: 3 Rockies Ubaldo Jiménez
67%
2018: 3 Phillies Aaron Nola
64%
2012: 4 Reds Johnny Cueto
62%
2014: 2 Reds Johnny Cueto
62%
2012: 1 Mets R.A. Dickey
62%
2013: 3 Marlins José Fernández
60%
2013: 4 Mets Matt Harvey
60%
2019: 2 Dodgers Hyun Jin Ryu
57%
2016: 3 Cubs Kyle Hendricks
52%
2018: 4 Rockies Kyle Freeland
50%
2012: 3 Nationals Gio Gonzalez
45%
2010: 5 Marlins Josh Johnson
36%
2019: 4 Cardinals Jack Flaherty
33%
2012: 5 Braves Craig Kimbrel
31%
2013: 4 Braves Craig Kimbrel
31%
2010: 4 Braves Tim Hudson
31%
2014: 5 Nationals Jordan Zimmermann
24%
2017: 5 Dodgers Kenley Jansen
24%
2018: 5 Diamondbacks Patrick Corbin
19%
2011: 4 Diamondbacks Ian Kennedy
14%
No matching quizzes found
Score Distribution
Percent of People with Each Score
Percentile by Number Answered
Your Score History
You have not taken this quiz